000 00942nam a22001815i 4500
001 158129
003 ES-MaACL
005 20230906211028.0
008 010524s1860 sp |||| | spa d
040 _aCAM
_bspa
_cCAM
100 1 _aLosada, Juan Miguel de.
_9129088
245 1 3 _aEl monarca cenobita
_b: drama en tres actos y en verso /
_coriginal de Juan Miguel de Losada.
260 _aMadrid :
_b[Círculo Literario Comercial],
_c1860 (
_fImprenta de Cristóbal González)
300 _a85 p. ;
_c21 cm.
500 _aEn port.: Representado por primera vez el 15 de setiembre de 1860 en el Teatro del Príncipe, para inaugurar la temporada cómica.
596 _aMención de editor y serie constan en la cub.
852 _aES-MaACL
_jF-8579(8)
_z-- Enc. pasta española
_z-- Dedicatoria ms. del autor a Florencio Moreno y Godino, 1860
_z.- Enc. en un vol. facticio formando parte de la col. faciticia "Teatro español moderno", vol. 32
999 _c158129
_d158129